00418nam a2200145 4500003000900000020001800009040002800027082001600055100003000071245005700101260003100158300002100189650003000210700003200240CO-ViMGA a9789681847395 aCO-ViMGAbspacCO-ViMGA04a109.03 H44d1 aHijar, Agustín Ezcurdia10aDiccionario Filosófico /cAgustín Ezcurdia Hijar aMéxico :bLimusa,c2012. a231 p. :b23 cm.14aFilosofíavDiccionarios1 aChávez Calderón, Pedro